LEADER 01964nam 2200565 450 001 9910796044703321 005 20170228161806.0 010 $a9781469873299 011 $a978-1-4698-7329-9 035 $a(CKB)3710000001629599 035 $a(MiAaPQ)EBC5568207 035 $a(Au-PeEL)EBL5568207 035 $a(OCoLC)989821020 035 $a(DNLM)101701187 035 $a(DLC) 2017009025 035 $a(DLC)9781469873282 035 $a(EXLCZ)993710000001629599 100 $a20170224h20182018 uy 0 101 0 $aeng 135 $aurcnu|||||||| 181 $ctxt$2rdacontent 182 $cc$2rdamedia 183 $acr$2rdacarrier 200 10$aAnatomy of the eye and orbit $ethe clinical essentials /$fThomas F. Freddo and Edward Chaum 205 $aFirst edition. 210 1$aPhiladelphia :$cWolters Kluwer Heath,$d[2018] 210 4$dİ2018 215 $a1 online resource (518 pages) 311 $a978-1-4698-7328-2 320 $aIncludes bibliographical references and index. 327 $aThe orbit -- Eyelids and adnexa -- Overview of the eye -- Cornea -- Conjunctiva and limbus -- Sclera, episclera, and tenon's capsule -- Iris -- Ciliary body -- Aqueous outflow pathways -- Lens -- Vitreous -- Choroid and choroidal circulation -- Sensory retina -- Retinal pigmented epithelium -- Optic nerve -- Embryology of the eye -- Anatomy of the eye as seen by OCT. 606 $aEye$xanatomy & histology 606 $aEye$xPhysiology 606 $aEye$xAnatomy 606 $aEye-sockets 608 $aAtlases 615 12$aEye$xanatomy & histology 615 0$aEye$xPhysiology. 615 0$aEye$xAnatomy. 615 0$aEye-sockets. 676 $a612.8/4 700 $aFreddo$b Thomas F.$0785790 702 $aChaum$b Edward 801 0$bDNLM/DLC 801 1$bDLC 801 2$bUtOrBLW 906 $aBOOK 912 $a9910796044703321 996 $aAnatomy of the eye and orbit$93807938 997 $aUNINA LEADER 02398nam 22004213 450 001 9910163313803321 005 20230220084621.0 010 $a9781785435942 010 $a1785435949 035 $a(CKB)3710000001046582 035 $a(MiAaPQ)EBC7197450 035 $a(Au-PeEL)EBL7197450 035 $a(NjHacI)993710000001046582 035 $a(OCoLC)1370499589 035 $a(EXLCZ)993710000001046582 100 $a20230220d2016 uy 0 101 0 $aeng 135 $aurcnu|||||||| 181 $ctxt$2rdacontent 182 $cc$2rdamedia 183 $acr$2rdacarrier 200 10$aAs You Like It $e?All the world's a stage.? 205 $a1st ed. 210 1$aLondon :$cCopyright Group,$d2016. 210 4$dİ2016. 215 $a1 online resource (125 pages) 330 $aReaders and audiences have long greeted As You Like It with delight. Its characters are brilliant conversationalists, including the princesses Rosalind and Celia and their Fool, Touchstone. Soon after Rosalind and Orlando meet and fall in love, the princesses and Touchstone go into exile in the Forest of Arden, where they find new conversational partners. Duke Frederick, younger brother to Duke Senior, has overthrown his brother and forced him to live homeless in the forest with his courtiers, including the cynical Jaques. Orlando, whose older brother Oliver plotted his death, has fled there, too. Recent scholars have also grounded the play in the issues of its time. These include primogeniture, passing property from a father to his oldest son. As You Like It depicts intense conflict between brothers, exposing the human suffering that primogeniture entails. Another perspective concerns cross-dressing. Most of Orlando's courtship of Rosalind takes place while Rosalind is disguised as a man, "Ganymede." At her urging, Orlando pretends that Ganymede is his beloved Rosalind. But as the epilogue reveals, the sixteenth-century actor playing Rosalind was male, following the practice of the time. In other words, a boy played a girl playing a boy pretending to be a girl. 606 $aFathers and daughters 615 0$aFathers and daughters. 676 $a306.8742 700 $aShakespeare$b Willam$01276788 801 0$bMiAaPQ 801 1$bMiAaPQ 801 2$bMiAaPQ 906 $aBOOK 912 $a9910163313803321 996 $aAs You Like It$93009935 997 $aUNINA